header

Solution to Red Exercises Chemistry (Record no. 254838)

MARC details
000 -LEADER
fixed length control field 00426nam a22001697a 4500
003 - CONTROL NUMBER IDENTIFIER
control field OSt
005 - DATE AND TIME OF LATEST TRANSACTION
control field 20160728091806.0
008 - FIXED-LENGTH DATA ELEMENTS--GENERAL INFORMATION
fixed length control field 160728b xxu||||| |||| 00| 0 eng d
020 ## - INTERNATIONAL STANDARD BOOK NUMBER
International Standard Book Number 0130840998
040 ## - CATALOGING SOURCE
Transcribing agency NA
050 ## - LIBRARY OF CONGRESS CALL NUMBER
Classification number QD21.2
Item number .B782000
100 ## - MAIN ENTRY--PERSONAL NAME
Personal name Roxy Wilson
245 ## - TITLE STATEMENT
Title Solution to Red Exercises Chemistry
Remainder of title The Central Science
250 ## - EDITION STATEMENT
Edition statement 8th ed
260 ## - PUBLICATION, DISTRIBUTION, ETC. (IMPRINT)
Place of publication, distribution, etc London
Name of publisher, distributor, etc Prentice Hall
Date of publication, distribution, etc 2000
942 ## - ADDED ENTRY ELEMENTS (KOHA)
Source of classification or shelving scheme Library of Congress Classification
Koha item type Long Loan Books

No items available.

© 2026 Rongo University
Contact us: librarian | system librarian | Rongo university